HINDU SUCCESSION ACT (Record no. 11629)

MARC details
000 -LEADER
fixed length control field 00237nam a22001097a 4500
003 - CONTROL NUMBER IDENTIFIER
control field SGT
082 ## - DEWEY DECIMAL CLASSIFICATION NUMBER
Classification number 346.0954,BAR
100 ## - MAIN ENTRY--PERSONAL NAME
Personal name BARE, ACT
245 ## - TITLE STATEMENT
Title HINDU SUCCESSION ACT
260 ## - PUBLICATION, DISTRIBUTION, ETC. (IMPRINT)
Place of publication, distribution, etc NEW DELHI
Name of publisher, distributor, etc EASTERN BOOK
Year of Publication 2015
942 ## - ADDED ENTRY ELEMENTS (KOHA)
Source of classification or shelving scheme Dewey Decimal Classification
Koha item type Books
942 ## - ADDED ENTRY ELEMENTS (KOHA)
-- 3
Holdings
Withdrawn status Lost status Source of classification or shelving scheme Damaged status Not for loan Collection code Home library Current library Shelving location Date acquired Vendor Name Cost, normal purchase price SGTU Total Checkouts Full call number Accession No. (Barcode) Date last seen Date last borrowed Bill Date Koha item type
    Dewey Decimal Classification     LAW SGT Science & Social Sciences Library SGT Science & Social Sciences Library Text Book 30/05/2017 DONATED 40.00 SGTU 3 346.0954,BAR FLBA74 10/07/2024 20/04/2024 30/05/2017 Books